| 000 | 00000nas##2200000za#4500 |
| 001 | 9.514893 |
| 003 | CaOODSP |
| 005 | 20200325130820 |
| 007 | ta |
| 008 | 150406c1992||||xxc|| m #||||f| |0eng|d |
| 040 | |aCaOODSP|beng |
| 043 | |an-cn--- |
| 086 | 1 |aSC91-4E |
| 110 | 1 |aCanada.|bCanadian Centre for Management Development. |
| 245 | 10|aJohn L. Manion Lecture |
| 260 | |aOttawa - Ontario : |bCanadian Centre for Management Development |
| 563 | |aProcessed |
| 775 | 08|tJohn L. Manion Lecture |w(CaOODSP)9.509622 |
| 775 | 08|tLa conférence John L. Manion |w(CaOODSP)9.509623 |
| 775 | 08|tLa conférence John L. Manion |w(CaOODSP)9.513228 |
| 776 | 0#|tJohn L. Manion lecture |w(CaOODSP)9.504714 |